[Event "Montigny le Bretonneux op 21st"]
[Site "Montigny le Bretonneux"]
[Date "2021.12.30"]
[Round "7"]
[White "Gros, Arthur"]
[Black "Bauchaire, Gerard"]
[Result "1-0"]
[WhiteElo "1199"]
[BlackElo "1248"]
[PlyCount "56"]
[EventDate "2021.12.26"]
[EventType "swiss"]
[EventRounds "9"]
[EventCountry "FRA"]
[SourceTitle "EXT 2023"]
[Source "ChessBase"]
[SourceDate "2022.10.05"]
[SourceVersion "1"]
[SourceVersionDate "2022.10.05"]
[SourceQuality "1"]

1. c4 e5 2. Nc3 Nf6 3. Nf3 e4 4. Ng5 d5 5. cxd5 c6 6. dxc6 Nxc6 7. Ncxe4 Nxe4 8. Nxe4 Qh4 9. d3 Bb4+ 10. Bd2 0-0 11. Bxb4 Nxb4 12. g3 Qd8 13. Bg2 Bg4 14. Qa4 Qd4 15. Qb3 Rac8 16. Nc3 Nxd3+ 17. exd3 Rfe8+ 18. Kf1 Qxd3+ 19. Kg1 Re7 20. Rc1 Rce8 21. Be4 Qd2 22. Kg2 Be6 23. Qd1 Qh6 24. h4 f5 25. Bd5 f4 26. Bxe6+ Rxe6 27. Re1 Qg6 28. Rxe6 Qxg3+ 1-0

[Event "Montigny le Bretonneux op 21st"]
[Site "Montigny le Bretonneux"]
[Date "2021.12.29"]
[Round "6"]
[White "Chaintreau, Cedric"]
[Black "Gros, Arthur"]
[Result "1-0"]
[WhiteElo "1092"]
[BlackElo "1199"]
[PlyCount "47"]
[EventDate "2021.12.26"]
[EventType "swiss"]
[EventRounds "9"]
[EventCountry "FRA"]
[SourceTitle "EXT 2023"]
[Source "ChessBase"]
[SourceDate "2022.10.05"]
[SourceVersion "1"]
[SourceVersionDate "2022.10.05"]
[SourceQuality "1"]

1. e4 d5 2. exd5 Nf6 3. d3 Nxd5 4. Nf3 Nc6 5. c4 Nf6 6. Nc3 e5 7. Bg5 Be7 8. Be2 Bf5 9. 0-0 0-0 10. a3 h6 11. Bxf6 Bxf6 12. b4 Nd4 13. Rc1 Nxf3+ 14. gxf3 Bh4 15. Ne4 Bh3 16. Re1 f5 17. Ng3 Qg5 18. Bf1 Bxf1 19. Kxf1 Rae8 20. Ke2 Bxg3 21. fxg3 e4 22. dxe4 fxe4 23. f4 e3 24. fxg5 1-0